000 00544nam a2200181 i 4500
001 20603
003 ES-MaACL
007 t|
008 021114s1875 ddr ||||1| eng d
100 1 _aAïde, Hamilton.
_918960
245 1 2 _aA nine days' wouder
_b: a novelette /
_cby Hamilton Aïde.
260 _aLeipzig :
_bBeruhard Vauchuik,
_c1875.
300 _a264 p. ;
_c16 cm.
490 1 _aCollection of British authors ;
_v1510
830 0 _aCollection of British authors ;
_v1510
_9180703
852 _aES-MaACL
_jG-12200
999 _c20603
_d20603